000 00485nam a2200205Ia 4500
003 OSt
005 20230327101133.0
008 210423s2007 xx 000 0 und d
020 _a4152298403
040 _cAL
041 _aeng
082 _a194 ROYN
100 _aROYLE (Nicholas).
_978098
245 _aJacques Derrida.
260 _aNew Delhi
_bRegal Publications
_c2007
300 _axxii,185
_bPB
365 _b220
_cINR
906 _aDerrida. ; Jacques
942 _2ddc
_cBK
999 _c156034
_d156034